Formula 1: Most Points Per Team - Lotus - Statistics

General Stats
  • This quiz has been taken 174 times
  • The average score is 14 of 20
Answer Stats
Points Driver Nationality Seasons on Lotus % Correct
150 Ayrton Senna Brazil 1985-1987
95%
274 Jim Clark UK 1960-1968
94%
157 Emerson Fittipaldi Brazil 1970-1973
93%
147 Mario Andretti US 1968-1969, 1976-1980
93%
144 Ronnie Peterson Sweden 1972-1976, 1978
91%
32 Nelson Piquet Brazil 1988-1989
89%
13 Mika Häkkinen Finland 1991-1992
85%
82 Graham Hill UK 1958-1959, 1967-1969
84%
15 Jackie Ickx Belgium 1974-1975
84%
25 Carlos Reutemann Argentina 1979
81%
67 Jochen Rindt Austria 1969-1970
80%
38 Nigel Mansell UK 1980-1984
78%
119 Elio de Angelis Italy 1980-1985
70%
11 Satoru Nakajima Japan 1987-1989
68%
31 Gunnar Nilsson Sweden 1976-1977
55%
13 Johnny Herbert UK 1990-1994
51%
43 Innes Ireland UK 1959-1961
28%
13 Reine Wisell Sweden 1970-1971
18%
18 Mike Spence UK 1963-1965
8%
12 Peter Arundell UK 1964
8%
No matching quizzes found
Score Distribution
Percent of People with Each Score
Percentile by Number Answered
Your Score History
You have not taken this quiz